000 00501nam a2200181Ia 4500
008 240729s9999 xx 000 0 und d
022 _a2688-4526
245 0 _aBJUI Compass
260 _aUnited States
260 _bWiley
650 _a Diseases of the genitourinary system. Urology
650 _a Internal medicine
650 _a Specialties of internal medicine
650 _aMedicine
856 _uhttps://doaj.org/toc/eeb1d0c050fe42a68bbbfcad001ceaa6
942 _2ddc
942 _cDOAJEJ
999 _c72699
_d72699
945 _a1
_bMadushi Gamage
_c1
_dMadushi Gamage